[Event "KAZ-ch Men 2017"]
[Site "Almaty"]
[Date "2017.04.18"]
[Round "8"]
[White "Nugumanov, Bakhtiyar"]
[Black "Agmanov, Zhandos"]
[Result "1/2-1/2"]
[WhiteElo "2350"]
[BlackElo "2377"]
[Annotator "TA"]
[PlyCount "160"]
[EventDate "2017.??.??"]
[EventType "tourn"]
[EventCountry "KAZ"]
[SourceTitle "playchess.com"]
[Source "ChessBase"]
[SourceQuality "1"]

{[%evp 18,160,17,0,37,31,44,-6,41,23,35,34,59,0,0,-10,-15,-17,-10,-14,-4,-85,-85,-87,-89,-88,-97,-109,-104,-102,-89,-96,-25,-25,-29,-29,-27,-43,-41,-47,-17,-19,-15,-27,-25,-70,-66,-64,-50,-46,-59,-58,0,0,0,0,0,-77,-77,-77,-77,-77,-77,-77,-77,-77,-65,-76,-65,-76,-65,-76,-65,-76,-76,-77,-77,-77,-77,-77,-77,-77,-51,-51,-51,-51,-51,-51,-51,-51,-51,-51,-51,-51,-51,-51,-51,-51,-51,-51,-51,-51,-51,-51,-38,-38,-38,-45,-45,-45,-45,-52,-12,-12,-12,-12,-12,-12,-12,-12,-12,-13,-13,-13,-13,-13,-13,-13,-13,-13,-13,-13,-13,-13,-13,-13,-13,-13,-13,-13,0,0,0,0,0]} 1. Nf3 Nf6 2. g3 e6 3. Bg2 d5 4. O-O Be7 5. d3 O-O 6. Nbd2 c5 7. e4 Nc6 8. Re1 Qc7 9. Qe2 dxe4 {C00: French: Unusual White 2nd moves} (9... b5 10. Nf1 dxe4 11. dxe4 e5 12. c3 b4 13. Ne3 bxc3 14. bxc3 Qa5 15. Nd5 Bd8 16. a4 Ba6 17. Qc2 {1-0 (50) Nisipeanu,L (2687)-Ragger,M (2700) Austria 2016}) 10. dxe4 {LiveBook: 5 Games} Rd8 11. e5 Nd5 {White is slightly better.} 12. h4 Ndb4 $146 (12... b5 13. Qxb5 Ndb4 14. Qa4 Bd7 15. Qb3 Na5 16. Qc3 Nd5 17. Qd3 Nb4 18. Qc3 {½-½ (18) Koehl,R (2294)-Llagaria Vidal,E (2083) ICCF email 2012}) 13. Nc4 Nd4 14. Nxd4 cxd4 15. Be4 (15. Bg5 $14) 15... Bd7 $11 16. Nd6 Bxd6 17. exd6 Qxd6 18. Bxb7 Bc6 $1 {[%cal Rc6b7]} 19. Bf4 (19. Bxa8 $11 Bxa8 20. Bg5 (20. Qc4 Qb8 21. Rf1 Rc8 $17)) 19... Qd5 $1 $17 {[%csl Gc6][%cal Rd5h1] [#]} 20. Bxc6 Qxc6 21. c3 dxc3 22. bxc3 Nd3 23. Qe4 Qxc3 24. Red1 Qd4 (24... Rd5 $17 25. Be3 h6) 25. Qxd4 $11 Rxd4 26. Be3 Rd5 27. Rab1 a5 28. Rb7 Nb4 29. Rc1 h5 30. a4 Rf5 31. Rd7 Nd5 $36 {[%mdl 2048] Black is more active.} 32. Bd2 Nf6 33. Rdc7 Rd5 34. Be1 Ne4 ({Black should try} 34... Nd7 $15) 35. Kg2 Nd6 36. R1c5 Rd1 37. Rxa5 (37. Bxa5 $11 Ra1 38. Rxh5) 37... Rxa5 $17 38. Bxa5 $11 {[%mdl 4096] Endgame Rd7 is the strong threat. KRB-KRN} Rd4 39. Rd7 Rxa4 40. Rxd6 {Strongly threatening Bb6.} Rxa5 $17 {KR-KR} 41. Rd7 f6 42. Re7 Ra6 43. Rb7 Kh7 44. Rc7 Kh6 45. Rf7 e5 46. Rf8 Kg6 47. Re8 Kf5 48. Rg8 g6 49. Rg7 e4 50. Re7 Re6 51. Ra7 Re5 52. Rb7 Ra5 53. Re7 Ra2 54. Re8 Ra4 55. Re7 Rd4 56. Re8 Rd7 57. Ra8 Ke6 58. Rg8 Kf7 59. Ra8 Re7 60. Ra6 f5 61. Rb6 Re6 62. Rb5 Kf6 63. Ra5 Rd6 64. Ra2 {[#]} f4 $1 {[%mdl 512]} 65. gxf4 {The position is equal.} Kf5 66. Ra5+ Kxf4 {With the idea ...Kg4.} 67. Rg5 Rf6 68. Kg1 Ra6 69. Kg2 Re6 70. Kg1 e3 71. fxe3+ Kxe3 72. Kg2 Kf4 73. Kh3 $1 Ra6 74. Kg2 Rb6 75. Kh3 $1 Kf3 76. Rg3+ Ke4 77. Rg5 Kf4 78. Kg2 Rb2+ 79. Kh3 Rb1 80. Kg2 Rb2+ 1/2-1/2

[Event "KAZ-ch Men 2017"]
[Site "Almaty"]
[Date "2017.04.19"]
[Round "9"]
[White "Kazhgaleyev, Murtas"]
[Black "Kuderinov, Kirill"]
[Result "1-0"]
[WhiteElo "2594"]
[BlackElo "2482"]
[Annotator "TA"]
[PlyCount "93"]
[EventDate "2017.??.??"]
[EventType "tourn"]
[EventCountry "KAZ"]
[SourceTitle "playchess.com"]
[Source "ChessBase"]
[SourceQuality "1"]

{[%evp 15,93,31,25,0,0,-15,0,-58,10,10,32,-42,-41,-39,-37,-32,-30,-22,0,-52,-42,-114,-118,-147,-174,-282,0,0,0,0,0,0,0,0,0,0,0,0,0,0,0,0,170,169,177,175,175,175,162,168,168,170,166,158,146,129,179,179,164,174,259,242,293,270,1060,570,583,591,456,106,113,0,585,509,5820,5440,5310,5310,5289,5257]} 1. d4 Nf6 2. c4 e6 3. Nc3 Bb4 4. g3 O-O 5. Bg2 d6 6. Nf3 Bxc3+ 7. bxc3 Nbd7 8. O-O Re8 9. Rb1 {E20: Nimzo-Indian: 4 g3 and 4 f3} (9. Nd2 c5 10. a4 Qc7 11. e4 e5 12. Re1 cxd4 13. cxd4 exd4 14. Nb3 d3 15. Qxd3 Ne5 16. Qb1 Bh3 {0-1 (42) Harikrishna,P (2679)-Bischoff,K (2551) Zuerich 2009}) 9... e5 $146 (9... h6 10. Ba3 Rb8 11. c5 dxc5 12. dxc5 c6 13. Qa4 a6 14. Rfd1 Qc7 15. Rd6 e5 16. Nd2 Nf8 {0-1 (26) Borg,G (2367)-Bischoff,K (2561) playchess.com INT 2003}) 10. Qc2 e4 11. Nh4 (11. Nd2 $1 $11) 11... h6 (11... Nb6 $15 12. c5 Nc4) 12. f3 $11 exf3 13. Bxf3 (13. exf3 Nb6 $15) (13. Rxf3 $14 Nb6 14. Bxh6) 13... Nb6 $15 14. Nf5 Nxc4 15. Bxb7 Bxb7 16. Rxb7 Qc8 17. Rb4 (17. Nxh6+ $11 gxh6 18. Rxf6 Qxb7 19. Rg6+ $1 {[%mdl 512]} fxg6 20. Qxg6+ Kf8 21. Qf6+ Kg8 22. Qg6+ Kf8 23. Qf6+ Kg8 24. Qg6+) 17... Qe6 18. Bxh6 (18. Rb7 $15) 18... gxh6 $17 19. Rxc4 Qxc4 20. Qc1 (20. Nxh6+ $142 Kg7 21. Qc1) 20... Re6 $2 (20... Rxe2 21. Qxh6 Ne8 22. Qg5+ Kf8 23. Qh5 $18) (20... Ng4 $19 21. h3 Rxe2 22. hxg4 Qd5 23. Nxh6+ Kh7 24. Rxf7+ Kh8) 21. Qxh6 $11 {[%csl Gf5][%cal Rh6g7]} Ne8 22. Qg5+ Kf8 23. Qh5 {[%cal Rh5h8]} Kg8 24. d5 {Nh6+ would kill now.} Rf6 25. Nh6+ $1 Kg7 $1 {aiming for ...Rxf1+.} ({And not} 25... Rxh6 26. Qxf7+ Kh8 27. Qf8+ Kh7 28. Rf7+ Kg6 29. Qg8+ Ng7 30. Qxg7+ Kh5 31. Rf5#) 26. Qg5+ $40 {[%mdl 128] White mounts an attack.} Kf8 27. Rxf6 Nxf6 28. Qxf6 {[%csl Gh6][%cal Rf6f7]} Qxd5 $2 {[%mdl 4096] Endgame [#] KQR-KQN} (28... Qc5+ $11 {and Black stays safe.} 29. Kf1 Qxd5) 29. c4 $1 $18 {[%cal Rc4d5][%mdl 512]} Qxc4 30. Qh8+ Ke7 31. Qxa8 Qc1+ 32. Kg2 Qxh6 33. Qxa7 {KQ-KQ} Qc1 34. Kf2 {Black must now prevent Qe3+.} Qc2 35. Qe3+ Kd7 36. Qb3 Qc5+ {[#]} 37. Kg2 $1 d5 (37... Qc6+ $142 38. Qf3 Qc4) 38. a4 {[%cal Ba2a4,Ba4a5,Ba5a6][%mdl 32]} Qd4 39. a5 c5 $2 (39... Qe5 40. Qd3 c5) 40. Qd3 {Threatens to win with Qxd4.} Qe5 41. Qb5+ Kd8 42. Qb6+ $2 ({Less strong is} 42. Qxc5 Qxe2+ 43. Qf2 Qe4+ 44. Kg1 d4 $18) (42. a6 $18 {and the rest is easy. Strongly threatening a7.} Qe4+ 43. Kf2 Qd4+ 44. e3 Qd2+ 45. Kf3) 42... Kd7 $16 43. Qb5+ $2 {[%mdl 8192]} (43. Qxc5 $16 Qxe2+ 44. Qf2 Qe4+ 45. Kg1) 43... Kd8 $18 44. a6 {And now a7 would win.White is clearly winning.} ({Not} 44. Qxc5 Qxe2+ 45. Qf2 Qe4+ 46. Kg1 Ke7 $18) 44... c4 (44... Qe4+ $142 45. Kf2 Qd4+ 46. e3 Qd2+ 47. Kf3 d4 48. Qb8+ Kd7) 45. Qb6+ Kd7 46. Kf2 d4 47. Qb7+ 1-0

[Event "KAZ-ch Men 2017"]
[Site "Almaty"]
[Date "2017.04.19"]
[Round "9"]
[White "Utegaliyev, Azamat"]
[Black "Ismagambetov, Anuar"]
[Result "0-1"]
[WhiteElo "2516"]
[BlackElo "2545"]
[Annotator "TA"]
[PlyCount "90"]
[EventDate "2017.??.??"]
[EventType "tourn"]
[EventCountry "KAZ"]
[SourceTitle "playchess.com"]
[Source "ChessBase"]
[SourceQuality "1"]

{[%evp 11,90,-13,-2,-25,14,0,11,2,8,8,8,8,16,7,22,12,22,0,31,33,35,27,47,70,89,37,38,29,50,37,50,10,27,22,27,30,30,20,50,-17,-20,-285,-264,-268,-294,-266,-268,-327,-322,-406,-404,-370,-382,-437,-451,-439,-433,-485,-435,-579,-452,-601,-579,-716,-710,-1482,-1577,-1709,-1614,-2827,-2794,-3222,-2818,-6422,-5198,-29976,-29977,-29977,-29978,-29980,-29982]} 1. Nf3 Nf6 2. d4 g6 3. e3 Bg7 4. b4 O-O 5. Bb2 d6 6. Nbd2 Nbd7 {LiveBook: 18 Games. A48: 1 d4 Nf6 2 Nf3 g6: Torre, London and Colle Systems} (6... c5 7. bxc5 dxc5 8. Be2 Nc6 9. O-O cxd4 10. Nxd4 Bd7 11. Bf3 Rc8 12. N2b3 b6 13. Nxc6 Bxc6 14. Ba3 {0-1 (78) Fernandez,D (2473)-Ghasi,A (2455) chess.com INT 2017}) 7. Bd3 b6 $146 (7... Re8 8. O-O e5 9. dxe5 Nxe5 10. Nxe5 dxe5 11. a3 e4 12. Be2 {½-½ (41) Ventimiglia,C (1751)-Burgin,R (1645) IECC email 1998}) 8. a4 c5 {The position is equal.} 9. dxc5 dxc5 10. b5 Qc7 11. O-O Bb7 12. h3 Rad8 13. Nc4 Rfe8 14. Be2 h6 15. Qc1 Bd5 16. Rd1 Qb7 17. a5 g5 18. Ne1 ({White should try} 18. Ra3 $16) 18... Ne4 $14 {White should prevent ...Nc3.} 19. Bxg7 Kxg7 20. axb6 (20. Nf3 $5 {is interesting.} f6 21. c3 f5 22. Ncd2 Qc7 23. c4) 20... axb6 (20... Nxb6 $6 21. Na5 Qb8 22. c4 $16) 21. Ra3 Bxc4 22. Bxc4 {aiming for Bd5.} Ne5 23. Rxd8 Rxd8 {[%cal Be8d8,Bd8d1,Bd1e1][%mdl 32]} 24. Qa1 f6 {[%cal Bf7f6,Bf6e5][%mdl 32]} 25. Ra7 {[#]} (25. Be6 $14 Kf8 26. Nd3) 25... Rd1 $1 $11 {[%cal Rd1a1][%mdl 512]} 26. Qxe5 $4 {[%mdl 8192]} (26. Rxb7 $2 {too greedy.} Rxa1 27. Kf1 Nxc4 $19) (26. Qxd1 $11 {and White is okay.} Qxa7 27. Be6) (26. Qxd1 Qxa7) 26... Rxe1+ $19 ({Don't play} 26... fxe5 27. Rxb7 Rxe1+ 28. Kh2 $19) (26... Qxa7 27. Qxe4 Rxe1+ 28. Kh2 $15) 27. Kh2 {Intending Qe6 and mate.} fxe5 ({Less strong is} 27... Qxa7 28. Qxe4 Qb8+ 29. g3 $15) 28. Rxb7 {[%mdl 4096] Endgame [#] Hoping for Bd5. KRB-KRN} Nd6 $1 {[%cal Rd6b7]} 29. Rxe7+ Kf8 30. Re6 Nxc4 31. Rxh6 {KRN-KR} Kg7 32. Rc6 Re2 33. Kg3 Rxc2 34. Rc7+ Kf6 35. Rc6+ Kf7 36. Rc7+ Ke6 37. Rc6+ Kd5 38. Kg4 Rxf2 39. g3 Nxe3+ 40. Kxg5 Rf3 41. g4 Rxh3 42. Rxb6 Rg3 43. Rb8 Rxg4+ {Black mates.} 44. Kf6 Rb4 45. Ke7 c4 0-1

[Event "KAZ-ch Men 2017"]
[Site "Almaty"]
[Date "2017.04.19"]
[Round "9"]
[White "Saduakassova, Dinara"]
[Black "Jumabayev, Rinat"]
[Result "0-1"]
[WhiteElo "2449"]
[BlackElo "2614"]
[Annotator "TA"]
[PlyCount "73"]
[EventDate "2017.??.??"]
[EventType "tourn"]
[EventCountry "KAZ"]
[SourceTitle "playchess.com"]
[Source "ChessBase"]
[SourceQuality "1"]

{[%evp 17,73,10,2,10,12,6,9,10,18,15,28,18,37,15,32,3,23,19,35,47,47,27,29,-16,-9,-10,0,-11,-11,-6,-2,-20,16,14,10,2,25,12,58,32,309,316,339,330,892,935,891,901,1872,1830,1790,531,1750,1697,29953,12843,6195,2343]} 1. d4 Nf6 2. Nf3 e6 3. e3 Be7 4. Bd3 d5 5. O-O O-O 6. Nbd2 c5 7. b3 Nc6 8. Bb2 b6 9. a3 Bb7 10. Rc1 {D05: Colle System with ...e6} (10. dxc5 bxc5 11. c4 a5 12. cxd5 exd5 13. Qc2 g6 14. Rad1 Nd7 15. Nb1 Bf6 16. Nc3 Nce5 17. Be2 d4 {½-½ (78) Nakamura,H (2786)-Gelfand,B (2777) London 2013}) 10... cxd4 11. exd4 Bd6 12. Ne5 $146 {The position is equal.} (12. c4 Bf4 13. Re1 Rc8 14. Rc2 Re8 15. g3 dxc4 16. bxc4 Bh6 17. Ne4 Nxe4 18. Bxe4 f5 19. Bd3 Na5 20. Bf1 {½-½ (20) Auburger,K (2189)-Schweer,V (2118) GER email 2011}) 12... Ne7 13. Qe2 Ng6 14. f4 a5 15. Kh1 Ne8 16. f5 exf5 17. Rxf5 Bxe5 18. dxe5 {Hoping for e6.} Nc7 19. Qe3 Ne6 20. Bd4 Nxd4 21. Qxd4 Qc7 22. b4 axb4 23. axb4 Rfe8 {[%cal Rg6e5]} 24. Nf3 Re7 25. Rf1 h6 26. Rh5 Rae8 {[%cal Rg6e5]} 27. Re1 Bc8 28. g4 $1 Nf8 $2 {[%mdl 8192]} (28... Bd7 $14) 29. g5 $18 hxg5 30. Nxg5 Rxe5 $2 (30... g6) 31. Rxe5 Rxe5 {[#]} 32. Qh4 $1 {[%csl Gh4][%cal Rh5h8]} g6 33. Rh8+ Kg7 34. Qh6+ Kf6 35. Rxf8 {White threatens Qxg6+ and mate.} Rxg5 36. Qh8+ Ke7 {[#]} 37. Rxf7+ $1 {[%mdl 512]} (37. Re8+ $142 Kd6 38. Qf8+ Kc6 39. Rxc8) 0-1

[Event "KAZ-ch Men 2017"]
[Site "Almaty"]
[Date "2017.04.19"]
[Round "9"]
[White "Saiyn, Zhanat"]
[Black "Kostenko, Petr"]
[Result "1/2-1/2"]
[WhiteElo "2395"]
[BlackElo "2440"]
[Annotator "TA"]
[PlyCount "50"]
[EventDate "2017.??.??"]
[EventType "tourn"]
[EventCountry "KAZ"]
[SourceTitle "playchess.com"]
[Source "ChessBase"]
[SourceQuality "1"]

{[%evp 31,50,-15,-1,-1,7,-8,3,0,15,15,15,15,15,20,12,12,12,23,16,0,18]} 1. d4 e6 2. c4 d5 3. Nf3 c6 4. e3 f5 5. Be2 Nf6 6. O-O Bd6 7. b3 Qe7 8. Bb2 O-O 9. Qc1 {A84: Dutch Defence: 2 c4 Miscellaneous} Bd7 {[%cal Bc8d7,Bd7e8,Be8h5][%mdl 32]} (9... Ne4 10. Ba3 Nd7 11. Bxd6 Qxd6 12. Qa3 c5 13. cxd5 exd5 14. Rd1 f4 15. Qc1 fxe3 16. Qxe3 cxd4 17. Qxd4 {½-½ (30) Dreev,A (2652)-Yudin,S (2524) Khanty-Mansiysk 2016}) 10. Ba3 Be8 11. Bxd6 Qxd6 12. Qa3 Qxa3 13. Nxa3 Bh5 14. b4 $146 (14. Bd1 Bxf3 15. Bxf3 a5 16. Nb1 Nbd7 {½-½ (43) Rakhmangulov,A (2360)-Borovikov,V (2485) Nikolaev 1995}) 14... Nbd7 {[%cal Bb8d7,Bd7b6,Bb6d5,Bd5f4][%mdl 32]} 15. Rac1 a6 16. Rc2 Bxf3 17. Bxf3 Rfe8 18. Rd1 Nb6 19. Be2 e5 20. cxd5 Nbxd5 21. dxe5 Rxe5 22. Nc4 Re7 ({Wrong is} 22... Nxb4 $2 23. Rb2 (23. Nxe5 Nxc2 24. Rb1 Re8 $14) 23... Rd5 24. Rxb4 $18) 23. a3 f4 24. exf4 Nxf4 25. Bf1 g5 1/2-1/2

[Event "KAZ-ch Men 2017"]
[Site "Almaty"]
[Date "2017.04.19"]
[Round "9"]
[White "Agmanov, Zhandos"]
[Black "Makhnyov, Denis"]
[Result "1/2-1/2"]
[WhiteElo "2377"]
[BlackElo "2379"]
[Annotator "RC"]
[PlyCount "54"]
[EventDate "2017.??.??"]
[EventType "tourn"]
[EventCountry "KAZ"]
[SourceTitle "playchess.com"]
[Source "ChessBase"]
[SourceQuality "1"]
[TimeControl "40/5400+30:1800+30"]

1. e4 {[%emt 0:00:00]} e5 {[%emt 0:01:15]} 2. Nf3 {[%emt 0:00:00]} Nc6 {[%emt 0:00:05]} 3. Bb5 {[%emt 0:00:37]} Nf6 {[%emt 0:00:05]} 4. O-O {[%emt 0:00:36]} Nxe4 {[%emt 0:00:05]} 5. Re1 {[%emt 0:00:24]} Nd6 {[%emt 0:00:04]} 6. Nxe5 {[%emt 0:00:10]} Be7 {[%emt 0:00:04]} 7. Bf1 {[%emt 0:00:54]} O-O {[%emt 0:00:08]} 8. d4 {[%emt 0:01:22]} Nf5 {[%emt 0:00:07]} 9. Nf3 {[%emt 0:00:31]} d5 {[%emt 0:00:37]} 10. c3 {[%emt 0:00:38]} Bf6 {[%emt 0:01:31]} 11. Bd3 {[%emt 0:03:35]} g6 {[%emt 0:00:21]} 12. Nbd2 {[%emt 0:01:25]} Nd6 {[%emt 0:01:04]} 13. Nf1 {[%emt 0:00:31]} Bf5 {[%emt 0:01:56]} 14. Ng3 {[%emt 0:05:52]} Bxd3 {[%emt 0:00:05]} 15. Qxd3 {[%emt 0:00:02]} Ne7 {[%emt 0:00:12]} 16. Bf4 {[%emt 0:01:07]} c6 {[%emt 0:03:07]} 17. Bxd6 {[%emt 0:05:33]} Qxd6 {[%emt 0:00:12]} 18. Re2 {[%emt 0:00:06]} Qd8 {[%emt 0:03:34]} 19. b3 {[%emt 0:06:05]} Nc8 {[%emt 0:09:40]} 20. Rae1 {[%emt 0:01:17]} Nd6 {[%emt 0:01:38]} 21. c4 {[%emt 0:01:39]} dxc4 {[%emt 0:00:06]} 22. bxc4 {[%emt 0:00:04]} Qa5 {[%emt 0:00:01]} 23. Qb3 {[%emt 0:09:38]} c5 {[%emt 0:02:05]} 24. d5 {[%emt 0:03:36]} b5 {[%emt 0:01:58]} 25. Ne4 {[%emt 0:01:51]} Nxe4 {[%emt 0:00:02]} 26. Rxe4 {[%emt 0:00:05]} Rab8 {[%emt 0:00:33]} 27. Ne5 {[%emt 0:15:06]} Rfe8 1/2-1/2

[Event "KAZ-ch Men 2017"]
[Site "Almaty"]
[Date "2017.04.19"]
[Round "9"]
[White "Akhmetov, Ayan"]
[Black "Nugumanov, Bakhtiyar"]
[Result "1-0"]
[WhiteElo "2311"]
[BlackElo "2350"]
[Annotator "TA"]
[PlyCount "71"]
[EventDate "2017.??.??"]
[EventType "tourn"]
[EventCountry "KAZ"]
[SourceTitle "playchess.com"]
[Source "ChessBase"]
[SourceQuality "1"]

{[%evp 18,71,22,5,14,9,0,0,7,10,8,9,0,0,12,0,14,12,10,12,50,13,51,45,41,39,95,79,84,20,23,25,14,0,0,-12,-12,-12,-12,-14,0,0,0,0,10,14,20,0,0,0,207,208,772,745,687,670]} 1. e4 c6 2. d4 d5 3. Nd2 dxe4 4. Nxe4 Nd7 5. Nf3 Ngf6 6. Nxf6+ Nxf6 7. Bd3 Bg4 8. c3 e6 9. O-O Be7 10. Be2 O-O {B17: Caro-Kann: Modern Line (4...Nd7)} 11. Ne5 Bxe2 12. Qxe2 Qd5 {The position is equal.} 13. Re1 c5 $146 (13... b5 14. Bf4 a5 15. a3 Rac8 16. Rad1 Qa2 17. Bc1 Nd5 18. Qh5 {0-1 (43) Carraro,D (2059)-Moreda,L (2340) Buenos Aires 2002}) 14. Be3 cxd4 15. Bxd4 Rfd8 16. a4 Bc5 17. Rad1 {[%cal Ba1d1,Bd1d4,Bd4c4][%mdl 32] [#] And now Nxf7! would win.} Bxd4 18. Rxd4 Qa2 19. Rc4 Rf8 20. h3 Rad8 21. Rb4 b6 (21... h6 $14) 22. c4 $16 Rd6 23. Rd1 ({Better is} 23. Qf1 $16 {Ra1 is the strong threat.} Rfd8 24. Kh2 (24. Ra1 Qxa1 25. Qxa1 Rd1+ 26. Qxd1 Rxd1+ 27. Kh2 Ne4 $14)) 23... Rxd1+ $11 24. Qxd1 Ne4 25. f3 Nc5 26. Nc6 Na6 27. Rb5 Qxc4 28. Qd6 g6 29. b3 $36 {[%mdl 2048] White is more active.} Qc1+ 30. Kh2 Nc5 31. Nxa7 Qe3 32. a5 e5 33. axb6 Nd3 $2 {[#]} (33... Qf4+ $1 $11 34. g3 Qxf3 35. Rxc5 (35. Qxc5 $2 Qe2+ 36. Kg1 Rd8 $19) 35... Qf2+ 36. Kh1 Qf1+ 37. Kh2 Qf2+ 38. Kh1 Qf1+ 39. Kh2 Qf2+) 34. Qf6 $1 $18 Re8 $2 (34... h6) 35. Nc6 Re6 36. Ne7+ 1-0

[Event "KAZ-ch Men 2017"]
[Site "Almaty"]
[Date "2017.04.20"]
[Round "10"]
[White "Ismagambetov, Anuar"]
[Black "Agmanov, Zhandos"]
[Result "1/2-1/2"]
[WhiteElo "2545"]
[BlackElo "2377"]
[Annotator "TA"]
[PlyCount "86"]
[EventDate "2017.??.??"]
[EventType "tourn"]
[EventCountry "KAZ"]
[SourceTitle "playchess.com"]
[Source "ChessBase"]
[SourceQuality "1"]

{[%evp 13,86,0,4,0,12,14,6,16,19,-8,9,-10,-14,-115,-106,-125,-131,-134,-116,-127,-86,-64,-52,-63,0,0,12,11,12,11,8,8,117,117,117,116,116,116,107,112,100,43,88,35,114,16,63,0,81,0,98,0,0,0,0,0,0,0,0,0,0,0,3,4,8,18,36,4,8,0,58,33,53,69,50]} 1. e4 {[%cal Be2e4,Be4e5][%mdl 32]} e6 2. d4 d5 3. Nc3 Nf6 4. e5 Nfd7 5. f4 c5 6. Nf3 Nc6 7. Be3 Be7 {LiveBook: 1276 Games} 8. g3 {C11: French: Classical System: 4 e5 and 4 Bg5 dxe4} (8. Qd2 O-O 9. a3 cxd4 10. Nxd4 Nxd4 11. Bxd4 Nb8 12. Bd3 Nc6 13. Bf2 a6 14. O-O f6 15. exf6 Bxf6 16. Na4 b5 {½-½ (30) Svidler,P (2748)-Short,N (2675) Caleta 2017}) 8... b6 9. Bh3 O-O 10. O-O {The position is equal.} Bb7 $146 (10... Ba6 11. Re1 b5 12. a3 g6 13. Ne2 Qb6 14. g4 {1-0 (32) Musyuk,L (1736)-Tsvetkov,A (2174) Porto Carras 2015}) 11. Qe1 Rc8 12. Ne2 Nb4 $36 {[%mdl 2048] Black has good play.} 13. Qd2 {[#]} (13. Rc1 $1 $11 {keeps the balance.}) 13... Nxc2 $1 $17 {[%mdl 512]} 14. Rad1 (14. Qxc2 cxd4) 14... Ba6 15. Rf2 cxd4 16. Bxd4 Bxe2 17. Qxe2 Nxd4 18. Nxd4 {Black should prevent f5.} Bc5 {[#]} (18... Qe8 $15) 19. Nxe6 $1 $11 {[%mdl 512]} Bxf2+ (19... fxe6 20. Bxe6+) 20. Kxf2 fxe6 21. Bxe6+ Kh8 {White must now prevent ...Qe7.} 22. Rxd5 Qe7 (22... Rc7 $11 23. Qd2 Rc5 24. Rxd7 (24. Bxd7 g5 $14) 24... Qe8) 23. Bxd7 $16 Rc5 24. Qd3 Rxd5 25. Qxd5 {[%mdl 4096] Endgame KQR-KQB} Qb4 26. b3 $1 g6 27. Kg2 ({And not} 27. Qd6 Qxd6 28. exd6 Rd8 $17) (27. Bb5 $16) 27... Kg7 $14 {[#]} 28. a4 (28. Bb5 $1 $16) 28... a6 {[#]} (28... Qc5 $1 $14 29. Qxc5 bxc5) 29. Qd3 (29. Be6 $1 $16) 29... a5 30. h4 ({White should play} 30. Bb5 $14) 30... Qc5 (30... Rd8 $11) 31. Qe4 (31. Bb5 $16) 31... Qb4 (31... Rd8 $11 32. Qb7 Qc1 33. Be6+ Kh6) 32. Qd5 (32. Qxb4 $16 axb4 33. Kf3) 32... Qc5 $11 33. Qd3 Rd8 34. e6 Kf6 35. Qe2 {Threatens to win with Qb2+.} Ke7 36. Qb2 {Hoping for Qg7+.} Rg8 37. Bb5 Qd5+ 38. Kh2 Qd6 39. Bc4 Qc5 $1 40. Qg2 {Intending Qb7+ and mate.} Rb8 $1 41. Qb2 {Threatening mate with Qg7+.} Rg8 42. Qc3 Qf2+ 43. Kh3 Qc5 1/2-1/2

[Event "KAZ-ch Men 2017"]
[Site "Almaty"]
[Date "2017.04.20"]
[Round "10"]
[White "Kostenko, Petr"]
[Black "Jumabayev, Rinat"]
[Result "0-1"]
[WhiteElo "2440"]
[BlackElo "2614"]
[Annotator "TA"]
[PlyCount "66"]
[EventDate "2017.??.??"]
[EventType "tourn"]
[EventCountry "KAZ"]
[SourceTitle "playchess.com"]
[Source "ChessBase"]
[SourceQuality "1"]

{[%evp 9,66,27,41,0,0,8,1,-4,4,4,23,0,-10,-16,-12,-26,-26,-31,-16,-60,-62,-60,-53,-53,-53,-63,0,-73,-94,-97,-12,-67,-16,-123,0,0,0,-118,-108,-126,-127,-153,-137,-230,-175,-589,-572,-952,-947,-29991,-29984,-29984,-29985,-29985,-29986,-29986,-29987,-29983,-11883]} 1. e4 c5 2. Nf3 d6 3. d4 cxd4 4. Nxd4 Nf6 5. Nc3 a6 6. h4 {B90: Sicilian Najdorf: Unusual White 6th moves, 6 Be3 Ng4 and 6 Be3 e5} (6. Be3 Ng4 7. Bg5 h6 8. Bh4 g5 9. Bg3 Bg7 10. h3 Ne5 11. Nf5 Bxf5 12. exf5 Nbc6 13. Nd5 e6 14. fxe6 fxe6 15. Ne3 Qa5+ 16. c3 Nf3+ 17. Qxf3 Bxc3+ 18. Kd1 Qa4+ 19. Nc2 Bxb2 {½-½ (62) Nakamura,H (2785)-Grischuk,A (2742) Sharjah 2017}) 6... e5 7. Nb3 Be7 $146 (7... Be6 8. f4 Nc6 9. f5 Bxb3 10. axb3 d5 11. exd5 Nd4 12. Bd3 Nxd5 13. Bb5+ Nxb5 14. Nxd5 {½-½ (66) Naroditsky,D (2646)-Zherebukh,Y (2605) Saint Louis 2017}) 8. Bg5 {The position is equal.} Nbd7 9. a4 h6 10. Bd2 Qc7 11. a5 b5 12. axb6 $1 Nxb6 ({Much worse is} 12... Qxb6 13. Be3 Qc7 14. f3 $14) 13. Na5 Be6 14. f4 d5 15. f5 Bd7 $36 {[%mdl 2048] White is under pressure.} 16. Bd3 $1 d4 17. Ne2 h5 (17... Na4 $15 18. Nc4 Bb5) 18. c4 {[#]} (18. Ng3 $11 {remains equal.}) 18... dxc3 $1 $17 19. Nxc3 Bc5 (19... Bb4 $17) 20. Qe2 (20. Be2 $11) 20... Ng4 (20... O-O $15) 21. Rf1 (21. Nd1 $11 Bd4 22. Ne3) 21... Nh2 22. Rh1 Ng4 23. Rf1 O-O 24. Nd1 {[#] White wants to play Rc1.} Bb5 $1 {[%mdl 512] Threatens to win with ...Qd8.} 25. Bxb5 axb5 26. Qxb5 (26. Rc1 $17 {might work better.} Qe7 27. Rh1) 26... Rfd8 {Hoping for ...Rd4.} 27. b4 $2 (27. Rf3) 27... Be7 $19 ({Less strong is} 27... Qd6 28. Ra2 Bd4 29. Rc2 $17) 28. Rf3 Qc2 29. Qxb6 Qxd2+ {Black mates.} 30. Kf1 Nh2+ 31. Kg1 Nxf3+ 32. gxf3 Qe1+ 33. Kg2 Rd2+ 0-1